| 000 | 00473 a2200169 4500 | ||
|---|---|---|---|
| 003 | OSt | ||
| 005 | 20240801155713.0 | ||
| 008 | 231017b |||||||| |||| 00| 0 eng d | ||
| 020 | _a9789385312151 | ||
| 040 | _coclc | ||
| 082 |
_a297 _bHAM/A |
||
| 100 |
_aHamza C _99742 |
||
| 245 |
_aALLAFAL ALIF -VIVARTHANAVUM VYAKHYANAVUM / _cC Hamza |
||
| 260 |
_aMalappuram: _bBook plus, _c2022. |
||
| 300 | _a280 p | ||
| 942 |
_2ddc _cBK _h297 _iHAM/A _k297 _mHAM/A |
||
| 999 |
_c42707 _d42707 |
||